មហាប្ញសីប្រោះខ្លា​ : (Record no. 8929)

MARC details
000 -LEADER
fixed length control field 02914nam a22003017a 4500
001 - CONTROL NUMBER
control field 8929
003 - CONTROL NUMBER IDENTIFIER
control field FISKH
005 - DATE AND TIME OF LATEST TRANSACTION
control field 20251110105039.0
008 - FIXED-LENGTH DATA ELEMENTS--GENERAL INFORMATION
fixed length control field 251110b cb ||||| |||| 00| 0 eng d
020 ## - INTERNATIONAL STANDARD BOOK NUMBER
International Standard Book Number 9789996325281
040 ## - CATALOGING SOURCE
Original cataloging agency FISKH
Language of cataloging khr
Transcribing agency FISKH
Modifying agency FISKH
050 ## - LIBRARY OF CONGRESS CALL NUMBER
Classification number PZ7
082 ## - DEWEY DECIMAL CLASSIFICATION NUMBER
Classification number 398.2
100 ## - MAIN ENTRY--PERSONAL NAME
Personal name San, Thai
245 ## - TITLE STATEMENT
Title មហាប្ញសីប្រោះខ្លា​ :
Remainder of title The hermit who revives the tiger /
Statement of responsibility, etc. អ្នករៀបរៀង : គុណ មន្នី
260 ## - PUBLICATION, DISTRIBUTION, ETC.
Place of publication, distribution, etc. Phnom Penh :
Name of publisher, distributor, etc. Book World ,
Date of publication, distribution, etc. 2011 .
300 ## - PHYSICAL DESCRIPTION
Extent 16 pages :
Other physical details color illustrations ;
Dimensions 25 cm .
505 ## - FORMATTED CONTENTS NOTE
Formatted contents note K <br/>
520 ## - SUMMARY, ETC.
Summary, etc. មានខ្លាមួយដេកស្លាប់ដោយសារពស់ចឺក មហាប្ញសីឃើញក៏ប្រោះអោយរស់វិញ ។ តែខ្លាបែរជារមិលគុណចង់សុីមហាប្ញសីដោយចោទថាខ្លួនកំពុងដេកលក់មហាប្ញសីក៏ទៅដាស់ ។ ដោយមិនសុខចិត្តអ្នកទាំងពីរក៏ទៅប្តឹង ចចក​ ,ស្វា ,​ ត្មាត, និង ទេព្រឹក្ស ៕ ពួកគេកាត់ក្តីអោយខ្លាសុីមហាប្ញសី ។​ ពួកគេនៅតែមិនសុខចិត្តក៏បន្តទៅប្តឹងដល់ទន្សាយ ទន្សាយក៏នាំគ្នាទៅកន្លែងកើតហេតុរួចធ្វើតម្រាប់ ដោយអោយខ្លាដេកលើរូងពស់​ហើយពស់ក៏លូនចេញមកចឹកខ្លាងាប់ក្នុងពេលនោះទៅ ។​
520 ## - SUMMARY, ETC.
Summary, etc. Once, a tiger lay dead after being bitten by a snake. When the hermit saw it, he revived the tiger. However, the tiger turned ungrateful and wanted to eat Maha Boun Sii, claiming that it had merely been asleep and that the wise man had disturbed its rest.<br/>Unwilling to accept this, the two went to seek judgment from the wolf , the monkey, the vulture, and the forest divinity . All of them ruled in favor of the tiger, allowing it to eat Maha Boun Sii. Still dissatisfied, they continued their dispute until they met the rabbit.<br/>The rabbit brought them back to the scene of the incident and proposed a reenactment. He told the tiger to lie in the snake’s hole as before. When the tiger did so, the snake slithered out and bit the tiger, killing it instantly.
521 8# - TARGET AUDIENCE NOTE
Target audience note 510 <br/>
Source Lexile estimate <br/>
521 8# - TARGET AUDIENCE NOTE
Target audience note K <br/>
Source Raz-Plus <br/>
650 ## - SUBJECT ADDED ENTRY--TOPICAL TERM
Topical term or geographic name entry element មហាប្ញសីប្រោះខ្លា​
Form subdivision រឿងនិទានកុមារ
650 ## - SUBJECT ADDED ENTRY--TOPICAL TERM
Topical term or geographic name entry element The hermit who revives the tiger
Form subdivision Children's Stories
700 ## - ADDED ENTRY--PERSONAL NAME
Personal name San, Thai
Relator term Illustrator
942 ## - ADDED ENTRY ELEMENTS (KOHA)
Source of classification or shelving scheme Dewey Decimal Classification
Koha item type Khmer Books
Suppress in OPAC No
Holdings
Withdrawn status Lost status Source of classification or shelving scheme Damaged status Not for loan Collection Home library Current library Shelving location Date acquired Total Checkouts Full call number Barcode Date last seen Price effective from Koha item type
    Dewey Decimal Classification     Khmer-English Bilingual / ភាសាខ្មែរ-អង់គ្លេស Footprints International School Library Network Toul Tom Poung Campus Footprints International School Library Network Toul Tom Poung Campus TTP Primary Khmer Bookshelves 11/10/2025   MON PZ7 398.2 FISBK072188 11/10/2025 11/10/2025 Khmer Books